000 00679nam a2200217Ii 4500
003 JO-AjNU
008 230605s9999||||xx |||||||||||||| ||und||
017 _a2747/6/2019
020 _a978-9923-16-049-7
040 _aJO-AjNU
_bara
_erda
_cJO-AjNU
041 _aara
050 1 4 _aTK5103.D84.2022
100 3 _aالدليمي، عبد الرزاق,
_eauthor
_963418
245 0 0 _aالاعلام الرقمي والسحابي في عالم متغير
250 _aط1
300 _a447ص
336 _atext
_btxt
_2rdacontent
337 _aunmediated
_bn
_2rdamedia
338 _avolume
_bnc
_2rdacarrier
650 4 _aالاعلام-الاتصالات الرقمية
_963419
999 _aA28766
_c32334
_d32334